Table Tennis WTT Top 50 (Male and Female) - Statistics

General Stats
  • This quiz has been taken 47 times
    2 since last reset
  • The average score is 41 of 100
Answer Stats
Rank Country Answer % Correct
18 Puerto Rico Adriana DIAZ
100%
12 France Alexis LEBRUN
100%
25 -1 Romania Bernadette SZOCS
100%
24 -1 Brazil Bruna TAKAHASHI
100%
5 -1 China CHEN Xingtong
100%
6 China CHEN Yi
100%
4 France Félix LEBRUN
100%
19 +1 France Flavien COTON
100%
22 +3 Japan Hitomi SATO
100%
8 -2 Brazil Hugo CALDERANO
100%
7 China KUAI Man
100%
26 -10 China LIANG Jingkun
100%
41 -2 USA Lily ZHANG
100%
16 -3 Japan Mima ITO
100%
37 -4 Japan Miu HIRANO
100%
3 Japan Miwa HARIMOTO
100%
30 +1 France Prithika PAVADE
100%
9 Germany Sabine WINTER
100%
11 +1 Japan Satsuki ODO
100%
10 +1 South Korea SHIN Yubin
100%
1 China SUN Yingsha
100%
24 +2 France Thibault PORET
100%
2 +1 Japan Tomokazu HARIMOTO
100%
3 -1 Sweden Truls MOREGARD
100%
1 China WANG Chuqin
100%
2 China WANG Manyu
100%
8 China WANG Yidi
100%
4 +1 Macau ZHU Yuling
100%
46 -2 USA Amy WANG
50%
14 +3 Denmark Anders LIND
50%
25 -3 South Korea AN Jaehyun
50%
13 Germany Benedikt DUDA
50%
23 -1 Taiwan CHENG I-Ching
50%
10 Germany Dang QIU
50%
15 -1 Slovenia Darko JORGIC
50%
22 +2 Germany Dimitrij OVTCHAROV
50%
32 Hong Kong DOO Hoi Kem
50%
20 Egypt Hana GODA
50%
32 +1 Japan Hiroto SHINOZUKA
50%
13 +1 Japan Honoka HASHIMOTO
50%
9 South Korea JANG Woojin
50%
30 -3 USA Kanak JHA
50%
5 China LIN Shidong
50%
15 +1 Japan Miyu NAGASAKI
50%
26 Japan Miyuu KIHARA
50%
27 +3 South Korea OH Junsung
50%
31 Egypt Omar ASSAR
50%
18 +1 Germany Patrick FRANZISKA
50%
20 +1 France Simon GAUZY
50%
43 -2 Austria Sofia POLCANOVA
50%
6 +2 Japan Sora MATSUSHIMA
50%
28 Croatia Tomislav PUCAR
50%
11 China WEN Ruibo
50%
49 -4 Romania Andreea DRAGOMAN
0%
34 Wales Anna HURSEY
0%
34 -2 Sweden Anton KALLBERG
0%
39 China CHEN Junsong
0%
23 +2 China CHEN Yuanyu
0%
48 Egypt Dina MESHREF
0%
48 -7 Romania Eduard IONESCU
0%
47 Neutral Athletes Elizabet ABRAAMIAN
0%
33 +5 Romania Elizabeta SAMARA
0%
43 +12 Taiwan FENG Yi-Hsin
0%
47 -1 Australia Finn LUU
0%
39 +1 China HE Zhuojia
0%
12 -2 Japan Hina HAYATA
0%
21 France Jia Nan YUAN
0%
37 +14 Portugal Joao GERALDO
0%
38 Denmark Jonathan GROTH
0%
17 South Korea JOO Cheonhui
0%
42 Japan Kaho AKAE
0%
27 South Korea KIM Nayeong
0%
44 -8 Kazakhstan Kirill GERASSIMENKO
0%
35 South Korea LEE Eunhye
0%
45 +14 France Lilian BARDET
0%
40 +21 South Korea LIM Jonghoon
0%
7 Taiwan LIN Yun-Ju
0%
46 -1 Czechia Lubomir JANCARIK
0%
49 -9 Japan Maharu YOSHIMURA
0%
35 +2 India Manav THAKKAR
0%
41 +17 India Manush SHAH
0%
36 Ukraine Margaryta PESOTSKA
0%
44 +11 Poland Natalia BAJOR
0%
33 +1 Australia Nicholas LUM
0%
50 Germany Nina MITTELHAM
0%
28 +1 China QIN Yuxuan
0%
31 Japan Sakura YOKOI
0%
50 -2 India Sathiyan GNANASEKARAN
0%
14 +1 China SHI Xunyao
0%
17 -2 Japan Shunsuke TOGAMI
0%
45 +1 India Sreeja AKULA
0%
36 -1 Neutral Athletes Vladimir SIDORENKO
0%
16 +2 China XIANG Peng
0%
29 +1 Australia Yangzi LIU
0%
38 +5 Taiwan Yeh Yi-Tian
0%
19 Germany Ying HAN
0%
29 Japan Yukiya UDA
0%
42 +1 Japan Yuta TANAKA
0%
40 -3 Singapore ZENG Jian
0%
21 +2 China ZHOU Qihao
0%
No matching quizzes found
Score Distribution
Percent of People with Each Score
Percentile by Number Answered
Your Score History
You have not taken this quiz since the last reset